Finishing the negative ; a handbook of all the processes between fixing and printing: with a special chapter on films /

Bibliographic Details
Main Author: Brown, George Edward
Format: Book
Language:English
Published: London : Pub. for the Photogram, ltd., by Dawbarn and Ward, ltd., 1901.
Subjects:

MARC

Tag First Indicator Second Indicator Subfields
LEADER 00000cam a2200000 4500
001 in00000022829
005 20151007064146.0
008 800705s1901 enka 00010 eng
010 |a  03007839  
035 |a (OCoLC)06484805 
035 |9 AAD9191AM 
040 |a DLC  |c TXA  |d UtOrBLW 
049 |a TXAM  |c [79583] 
050 0 |a TR310  |b .B87 
092 |a 772  |b B877f 
100 1 |a Brown, George Edward. 
245 1 0 |a Finishing the negative ;  |b a handbook of all the processes between fixing and printing: with a special chapter on films /  |c ed. by George E. Brown ... 
264 1 |a London :  |b Pub. for the Photogram, ltd., by Dawbarn and Ward, ltd.,  |c 1901. 
300 |a vi, 7-160 pages :  |b illustrations ;  |c 23 cm. 
336 |a text  |b txt  |2 rdacontent 
337 |a unmediated  |b n  |2 rdamedia 
338 |a volume  |b nc  |2 rdacarrier 
650 0 |a Photography  |x Negatives. 
999 |a MARS 
999 f f |s adbf8c18-0d2a-3bf4-88e5-172bced8cc78  |i 5a5fa2c0-88c9-372e-b6e1-aef925590b85  |t 0 
952 f f |p ric  |a Texas A&M University  |b Rellis Campus  |c Joint Library Facility  |d Remote Storage  |t 0  |e TR310 .B87  |h Library of Congress classification  |i unmediated -- volume  |m A14801161068 
998 f f |a TR310 .B87  |t 0  |l Remote Storage